魯班書 : 血班母

資料類型: Book 圖書   書目號:42005

Leader xxxxxxxxxx
001 __ PCLIS00042005
005 __ 20090618092400.0
008 __  chi
010 0_ |a978-986-6938-91-7|b上冊:平裝|dNT$240
010 0_ |a978-986-6938-92-4|b下冊:平裝|dNT$240
042 __ |anbic
100 __ |a20090618d2009    m  y0chiy09      e
101 0_ |achi
102 __ |aTW
105 __ |aa   z   000ay
200 1_ |a魯班書|e血班母|f蒼狼客作
205 __ |a第1版
210 __ |a新竹縣竹北市|c狠角舍出版|a臺北縣中和市|c旭昇總經銷|d2009[民98]
215 0_ |a2冊|c|d21公分
225 2_ |a幻日線系列|v17-18
260 1_ |a2009
300 __ |a
517 1_ |a血班母|zchi
681 __ |a857.83|b4443|v增訂8版|yv.1
700 _0 |a蒼狼客|b|4702 __ |a|b|4
801 _2 |aTW|bPTL|c20090605|gCCR
詳細館藏 1-2 筆 (共 2 筆)
索 書 號登 錄 號冊次號館別 / 館藏地流通類型狀態加入預約清單電子資源
857.83 / 8593 2017859 v1 圖書館 / 一樓普通區 可外借30天 在館   
857.83 / 8593 2017860 v2 圖書館 / 一樓普通區 可外借30天 在館   

| 條列資料




目錄查詢 分類查詢 個人資料 圖書薦購 新書查詢 閉館日 排行榜 更多電子資源 Hami書城 線上資料庫 登出

From : 216.73.217.87

  本日流通累計至 17:50:35 借閱 : 1 次 續借 : 0 次 歸還 : 2 次 預約 : 0 次 電子資源 : 0 次


內湖高中圖書館  PCLIS 版本  26.5.0.12